दक्षिणरंग (क.क्र.2/4) (Record no. 432685)

MARC details
000 -LEADER
fixed length control field 00496nam a2200145Ia 4500
008 - FIXED-LENGTH DATA ELEMENTS--GENERAL INFORMATION
fixed length control field 100122s9999 xx 000 0 und d
082 ## - DEWEY DECIMAL CLASSIFICATION NUMBER
Item number 56221
Classification number 910.4
100 ## - MAIN ENTRY--PERSONAL NAME
Personal name प्रभु मीना
245 ## - TITLE STATEMENT
Title दक्षिणरंग (क.क्र.2/4)
260 ## - PUBLICATION, DISTRIBUTION, ETC. (IMPRINT)
Name of publisher, distributor, etc मेहता पब्लिकेशन हाऊस
Date of publication, distribution, etc 1999
300 ## - PHYSICAL DESCRIPTION
Extent 331
630 ## - SUBJECT ADDED ENTRY--UNIFORM TITLE
Uniform title दक्षिणरंग (क.क्र.2/4)
730 ## - ADDED ENTRY--UNIFORM TITLE
Uniform title दक्षिणरंग (क.क्र.2/4)
942 ## - ADDED ENTRY ELEMENTS (KOHA)
Koha item type Book
Holdings
Withdrawn status Lost status Damaged status Not for loan Home library Current library Date acquired Cost, normal purchase price Total Checkouts Full call number Barcode Date last seen Cost, replacement price Price effective from Koha item type Public note
        S.V. Pathak Library, Vile Parle S.V. Pathak Library, Vile Parle 06/22/1999 250.00   56221 SVPPARLE-56221 01/25/2010 250.00 01/25/2010 Book General NA